Loud and clear

Αποθηκεύτηκε σε:
Λεπτομέρειες βιβλιογραφικής εγγραφής
Κύριος συγγραφέας: Aitken, Rosemary
Μορφή: Βιβλίο
Γλώσσα:English
Δημοσίευση: Walton-on-Thames : Nelson, 1983
Σειρά:Skill of listening. Early intermediate
Θέματα:
Ετικέτες: Προσθήκη ετικέτας
Δεν υπάρχουν, Καταχωρήστε ετικέτα πρώτοι!

MARC

LEADER 00000nam a2200000 i 4500
001 1/49702
008 960402s1983 eng d
020 |a 0175554609 
035 |l 10026879 
040 |a GR-MY-UA  |b gre  |e aacr 
041 0 |a eng 
082 0 |a 428.34 
100 1 |a Aitken, Rosemary. 
245 1 0 |a Loud and clear /  |c Rosemary Aitken 
260 |a Walton-on-Thames :   |b Nelson,   |c 1983 
300 |a 47 p. 
490 1 |a Skill of listening. Early intermediate 
650 0 0 |a English language  |v Textbooks for foreign speakers. 
650 0 0 |a Listening. 
650 0 0 |a Comprehension. 
830 0 |a Skill of listening. Early intermediate 
852 |a INST  |b CHIOS  |e 19960402  |h 428.34 AIT  |p 005200004949  |q 005200004949  |t BK  |y 0 
909 |a Χ  |b 004779